000 00515nam a22001817a 4500
005 20251108180007.0
008 250721s2022 xx 000 0 ara d
082 1 4 _a813.009/منص
100 1 _aالمنصوري، حصة
245 1 0 _aمقاربات سردية /
264 1 _aالدوحة :
_bوزارة الثقافة - دولة قطر،
_c2022.
300 _a160ص.
650 1 7 _aالادب العربي
650 1 7 _aالنقد الادبي
650 1 7 _aقطر
942 _2ddc
_cBK
999 _c147245
_d147245